LEADER 01167cam0-22003251i-450- 001 990004510060403321 005 20150325131343.0 035 $a000451006 035 $aFED01000451006 035 $a(Aleph)000451006FED01 035 $a000451006 100 $a19990604d1954----km-y0itay50------ba 101 0 $aita$amul 105 $ay-------101yy 200 1 $aSacerdozio e regno da Gregorio VII a Bonifacio VIII$estudi presentati alla sezione storica del Congresso della Pontificia Università Gregoriana, 13-17 ottobre 1953 210 $aRoma$cPontificia Università Gregoriana$d1954 215 $aXI, 180 p.$d25 cm 225 1 $aMiscellanea historiae pontificiae$v18 610 0 $aPapato - Sec. 11.-13. 676 $a270.4 676 $a282 712 12$aCongresso internazionale per il IV centenario della Pontificia Università Gregoriana$f<1953 ;$eRoma> 801 0$aIT$bUNINA$gRICA$2UNIMARC 901 $aBK 912 $a990004510060403321 952 $a282 SAC 1$bBibl. 30514$fFLFBC 952 $aST.MED.MOD. 3189 (18)$bST.MED.MOD. 802$fFLFBC 959 $aFLFBC 996 $aSacerdozio e regno da Gregorio VII a Bonifacio VIII$9547828 997 $aUNINA LEADER 01454cam2 2200277 450 001 E600200018108 005 20180521141020.0 100 $a20060510e19711881|||||ita|0103 ba 101 $ager 102 $aDE 200 1 $a<<5: Die >>Regesten des Kaiserreichs unter Philipp, Otto 4., Friedrich 2., Heinrich (7.), Conrad 4., Heinrich Raspe, Wilhelm und Richard. 1198-1272$fnach der neubearbeitung und dem nachlasse Johann Friedrich Bohmer's neu herausgegeben und erganzt von Julius Ficker und Eduard Winkelmann 210 $aHildesheim$cG. Olms$d1971 215 $a3 volumi$d28 cm 461 1$1001SOBE00059159$12001 $aRegesta Imperii / J. F. Böhmer$v5 463 1$1001SOBE00059160$12000 $a<<1: (Abt. 1-2): >>Kaiser und Könige 463 1$1001SOBE00059161$12000 $a<<2: (Abt. 3-4): >>Päpste und Reichssachen / mit einem initienverzeichnis von Hans Martin Schaller 463 1$1001SOBE00059162$12000 $a<<3: (Abt. 5): >>Einleitung und Register / bearbeitet von Franz Wilhelm 700 1$aBöhmer$b, Johann Friedrich$3A600200036169$4070$0485515 702 1$aFicker, Julius$3A600200036170$4070 702 1$aWinkelmann, Eduard$3A600200036171$4070 801 0$aIT$bUNISOB$c20180521$gRICA 912 $aE600200018108 940 $aM 102 Monografia moderna SBN 941 $aM 996 $aRegesten des Kaiserreichs unter Philipp, Otto 4., Friedrich 2., Heinrich (7.), Conrad 4., Heinrich Raspe, Wilhelm und Richard. 1198-1272$91689774 997 $aUNISOB